The Optics of rays wavefronts, and caustics (Record no. 4421)

MARC details
000 -LEADER
fixed length control field 00587nam a2200217Ia 4500
003 - CONTROL NUMBER IDENTIFIER
control field IN-BaIIA
008 - FIXED-LENGTH DATA ELEMENTS--GENERAL INFORMATION
fixed length control field 211028s9999 xx 000 0 eng d
020 ## - INTERNATIONAL STANDARD BOOK NUMBER
International Standard Book Number 0-12-664050-5
040 ## - CATALOGING SOURCE
Transcribing agency IIA Library
080 ## - UNIVERSAL DECIMAL CLASSIFICATION NUMBER
Universal Decimal Classification number 535
Item number STA
100 ## - MAIN ENTRY--PERSONAL NAME
Personal name Stauroudis, O. N
9 (RLIN) 7719
245 #4 - TITLE STATEMENT
Title The Optics of rays wavefronts, and caustics
Statement of responsibility, etc. O. N. Stauroudis
260 ## - PUBLICATION, DISTRIBUTION, ETC.
Place of publication, distribution, etc. New York
Name of publisher, distributor, etc. Academic Press
Date of publication, distribution, etc. 1972
300 ## - PHYSICAL DESCRIPTION
Extent xvi, 313p.
490 ## - SERIES STATEMENT
Series statement Pure and Applied Physics v. 38,
650 ## - SUBJECT ADDED ENTRY--TOPICAL TERM
Topical term or geographic name entry element Caustics
9 (RLIN) 7720
650 ## - SUBJECT ADDED ENTRY--TOPICAL TERM
Topical term or geographic name entry element NASA Thesaurus
650 ## - SUBJECT ADDED ENTRY--TOPICAL TERM
Topical term or geographic name entry element Optics
650 ## - SUBJECT ADDED ENTRY--TOPICAL TERM
Topical term or geographic name entry element Wave Fronts
9 (RLIN) 7721
942 ## - ADDED ENTRY ELEMENTS (KOHA)
Koha item type Books
952 ## - LOCATION AND ITEM INFORMATION (KOHA)
-- 19.00
Holdings
Withdrawn status Lost status Damaged status Not for loan Home library Current library Shelving location Date acquired Total Checkouts Full call number Barcode Date last seen Price effective from Koha item type
        IIA Library-Bangalore IIA Library-Bangalore General Stacks 27/06/1974   535/ STA 4937 05/11/2021 27/06/1974 Books

Powered by Koha